Základné súvzťažnosti a schémy účtovania : Podvojné účtovníctvo platné od 1.1.1993 /
Enregistré dans:
| Auteurs principaux: | , |
|---|---|
| Format: | Livre |
| Langue: | slovaque |
| Publié: |
Bratislava :
Elita,
1992
|
| Sujets: | |
| Tags: |
Pas de tags, Soyez le premier à ajouter un tag!
|
MARC
| LEADER | 00000nam a22000003a 4500 | ||
|---|---|---|---|
| 001 | stu2806 | ||
| 005 | 20150617225616.3 | ||
| 008 | 921217s1992----cs------------------slo-d | ||
| 020 | |a 80-85323-23-0 | ||
| 040 | |a STU |b slo | ||
| 041 | 0 | |a slo | |
| 044 | |a cs | ||
| 080 | |a 657 | ||
| 100 | 1 | |a Janoková, Katarína |4 aut | |
| 245 | 1 | |a Základné súvzťažnosti a schémy účtovania : |b Podvojné účtovníctvo platné od 1.1.1993 / |c [aut.] Janoková,Katarína; Janok,Michal | |
| 260 | |a Bratislava : |b Elita, |c 1992 | ||
| 300 | |a 94 s | ||
| 650 | 7 | |a účtovníctvo |2 stusub | |
| 700 | 1 | |a Janok, Michal |4 aut | |
| 996 | |b E77688 |c R*77688 |l RRUM |s A |a 24 |w stu2806_0001 | ||